Skoczkowie którzy brali udział w konkursach drużynowych MŚwL w XXI w. - Statystyki

Ogólne statystyki
  • Ten quiz został rozwiązany 104 razy
    28 od ostatniego zresetowania
  • Średni wynik to 98 z 185
Statystyki odpowiedzi
Reprezentacja Lata Zawodnik % Poprawnych
2018-2026 Domen Prevc
96%
2024, 2026 Jan Hörl
96%
2016-2024 Peter Prevc
96%
2016, 2018, 2022-2026 Stefan Kraft
96%
2022-2026 Timi Zajc
96%
2016, 2020, 2022, 2026 Anže Lanišek
92%
Austria 2026 Stephan Embacher
92%
2016-2026 Dawid Kubacki
88%
2022, 2024 Junshirō Kobayashi
88%
2006-2012, 2016-2026 Kamil Stoch
88%
2016, 2022-2026 Manuel Fettner
88%
2026 Philipp Raimund
88%
2008, 2012, 2018-2026 Piotr Żyła
88%
2020-2026 Ryōyū Kobayashi
88%
2004-2010 Adam Małysz
85%
2016, 2018, 2022, 2024 Andreas Wellinger
85%
2020 Andrzej Stękała
85%
2016-2024 Daniel-André Tande
85%
2018, 2024, 2026 Gregor Deschwanden
85%
2020, 2022 Halvor Egner Granerud
85%
2016-2026 Johann André Forfang
85%
2016-2024 Michael Hayböck
85%
2024, 2026 Ren Nikaidō
85%
2004-2012, 2016 Robert Kranjec
85%
2012, 2016, 2022 Severin Freund
85%
2006, 2008, 2018, 2024, 2026 Simon Ammann
85%
2008-2012, 2020 Gregor Schlierenzauer
81%
2020-2026 Karl Geiger
81%
2016 Klemens Murańka
81%
Norwegia 2026 Kristoffer Eriksen Sundal
81%
2012 Maciej Kot
81%
2020-2026 Naoki Nakamura
81%
2004, 2008 Noriaki Kasai
81%
2020, 2024, 2026 Pius Paschke
81%
2006-2010, 2016, 2018 Stefan Hula
81%
2004-2012 Thomas Morgenstern
81%
Polska 2024, 2026 Aleksander Zniszczoł
77%
2008-2012 Anders Bardal
77%
2006, 2008, 2012 Andreas Kofler
77%
2018-2026 Antti Aalto
77%
2004, 2008, 2012 Daiki Itō
77%
2004-2008, 2018 Janne Ahonen
77%
2006-2012, 2018 Jernej Damjan
77%
2018 Killian Peier
77%
2024 Lovro Kos
77%
2022-2026 Marius Lindvik
77%
2018-2022 Markus Eisenbichler
77%
2020-2026 Niko Kytösaho
77%
2004-2008 Primož Peterka
77%
2010, 2012, 2016, 2018 Richard Freitag
77%
2018, 2020 Robert Johansson
77%
2016, 2018, 2024 Stephan Leyhe
77%
2008, 2012 Taku Takeuchi
77%
2004, 2010 Wolfgang Loitzl
77%
2012, 2016 Anders Fannemel
73%
2008-2010 Anders Jacobsen
73%
2018 Anže Semenič
73%
Niemcy 2026 Felix Hoffmann
73%
2006-2012 Janne Happonen
73%
2008-2012, 2016 Jurij Tepeš
73%
2020 Keiichi Satō
73%
2024 Kevin Bickner
73%
2006-2012 Martin Koch
73%
2004, 2008, 2010 Martin Schmitt
73%
2008, 2012, 2016 Roman Koudelka
73%
2004 Sven Hannawald
73%
2020, 2022 Yukiya Satō
73%
2020 Evgeniy Klimov
69%
2004, 2006, 2012 Jakub Janda
69%
2022 Jakub Wolny
69%
2020 Philipp Aschenwald
69%
2012 Rune Velta
69%
Japonia 2026 Tomofumi Naitō
69%
2018 Andreas Stjernen
65%
2004-2008, 2012, 2018 Dimitriy Vassiliev
65%
2004-2012, 2016 Jan Matura
65%
2004-2012 Matti Hautamäki
65%
2004, 2006 Robert Mateja
65%
Słowenia 2026 Rok Oblak
65%
2024, 2026 Sandro Hauswirth
65%
2008 Tom Hilde
65%
2006, 2008 Andreas Küttel
62%
2006-2010 Antonín Hájek
62%
2020 Bor Pavlovčič
62%
2020 Constantin Schmid
62%
Szwajcaria 2026 Felix Trunz
62%
2018, 2020, 2026 Jarkko Määttä
62%
USA 2026 Jason Colby
62%
2012 Krzysztof Miętus
62%
2006 Lars Bystøl
62%
2006-2010 Michael Neumayer
62%
2024, 2026 Tate Frantz
62%
2026 Benjamin Østvold
58%
2004-2012 Bjørn Einar Romøren
58%
2004-2008, 2012, 2016, 2018 Denis Kornilov
58%
2008 Emmanuel Chedal
58%
2008, 2010, 2016 Harri Olli
58%
2010 Johan Remen Evensen
58%
2016 Kenneth Gangnes
58%
2010 Łukasz Rutkowski
58%
2004 Mateusz Rutkowski
58%
2024 Robin Pedersen
58%
2012 Andreas Wank
54%
2004, 2006 Andreas Widhölzl
54%
2004-2010 Michael Uhrmann
54%
2004, 2006 Roar Ljøkelsøy
54%
2004 Sigurd Pettersen
54%
2016 Ville Larinto
54%
2018 Clemens Aigner
50%
2024, 2026 Decker Dean
50%
Finlandia 2018-2026 Eetu Nousiainen
50%
2024, 2026 Erik Belshaw
50%
2004, 2008-2012, 2016 Lukáš Hlava
50%
Kazachstan 2026 Sabirzhan Muminov
50%
2004 Andreas Goldberger
46%
2024 Kasperi Valto
42%
2004, 2006 Rok Benkovič
42%
2004-2008 Georg Späth
38%
2016, 2018 Manuel Poppinger
38%
2018, 2020 Mikhail Nazarov
38%
2004, 2006 Tami Kiuru
38%
2020 Timon-Pascal Kahofer
38%
2004, 2006 Tommy Ingebrigtsen
38%
Francja 2008 Vincent Descombes Sevoie
38%
2004 Wojciech Skupień
38%
2012 Anssi Koivuranta
35%
2020 Danil Sadreev
35%
Rosja 2020 Ilya Mankov
35%
2016 Lauri Asikainen
35%
2016 Mikhail Maksimochkin
35%
2026 Nurshat Tursunzhanov
35%
2008 Pavel Karelin
35%
2012 Radik Zhaparov
35%
Czechy 2016 Tomáš Vančura
35%
2004 Veli-Matti Lindström
35%
2006 Alexander Herr
31%
2004 Hideharu Miyahira
31%
2010, 2012 Olli Muotka
31%
2024 Remo Imhof
31%
2008, 2012 Shohei Tochimoto
31%
2018 Andreas Schuler
27%
2010 Michael Glasder
27%
2010 Roman Sergeevich Trofimov
27%
2004 Akira Higashi
23%
2004 Bine Zupan
23%
2006-2010 Borek Sedlák
23%
2012 Maximilian Mechler
23%
2026 Nikita Devyatkin
23%
2018 Alexey Romashov
19%
2008 David Lazzaroni
19%
2016 Ilmir Hazetdinov
19%
2004 Petr Chaadayev
19%
2022 Ulrich Wohlgenannt
19%
2012 Yūta Watase
19%
2004, 2006, 2012 Dimitriy Ipatov
15%
2006 Ildar Fatchullin
15%
2004 Jan Mazoch
15%
2012 Jure Šinkovec
15%
2006 Michael Möllinger
15%
2010 Nicholas Fairall
15%
2026 Svyatoslav Nazarenko
15%
2012 Alexey Korolev
12%
2008 Andreas Aren
12%
2012 Anton Kalinichenko
12%
2006, 2008 Guido Landert
12%
2008, 2010 Ilya Rosliakov
12%
2008 Isak Grimholm
12%
2004 Maksim Anisimov
12%
2010 Nicholas Alexander
12%
2010 Robert Hrgota
12%
2012 Yevgeniy Levkin
12%
Szwecja 2008 Carl Nordin
8%
2010 Christopher Lamb
8%
2008 Johan Erikson
8%
2008 Pierre Emmanuel Robe
8%
2016 Sebastian Klinga
8%
2016 Vladislav Boyarintsev
8%
2004 Aleksandr Svetlov
4%
2012 Alexey Pchelintsev
4%
2004 Alexey Silaev
4%
Białoruś 2004 Dzmitriy Afaniasenka
4%
2022 Kalle Heikkinen
4%
2010 Stanislav Oshchepkov
4%
2008 Antoine Guignard
0%
2010 Georgiy Chervakov
0%
Nie znaleziono quizów pasujących do podanych kryteriów
Rozkład punktacji
Procent ludzi z każdym wynikiem
Percentyl według liczby udzielonych odpowiedzi
Twoja historia wyników
Nie rozwiązałeś tego quizu od ostatniego zresetowania